000 00969nac a22002537a 4500
001 BR6005717
003 BR-BrBNA
005 20250213111520.0
008 230509b bl.|||m| |||| 00| 0 por d
040 _aBR-BrBNA
_bpor
_cBiblioteca Nacional de Agricultura
072 _aD50; Q10
090 _a8100 BR6005717
110 1 _aDepartamento Nacional da Producao Animal, Rio de Janeiro, GB (Brasil). Div. de Caca e Pesca;
110 1 _aServico de Informacao Agricola, Rio de Janeiro, GB (Brasil)
245 1 _aDecreto n. 3.688, de 3 de fevereiro de 1939. Dispoe sobre o registro das fabricas de conservas do pescado e da outras providencias [Brasil]
260 3 _aRio de Janeiro, GB (Brasil):
_c1939.
300 _a9 p.
490 _aSIA (Brazil)
_vno. 66
650 _aLegislacao
650 _aTecnologia de alimento
650 _aPeixe
856 _uhttps://repositorio-dspace.agricultura.gov.br/bitstream/1/5923/1/1939%20SIA%20066.pdf
942 _2AGRIS
_n0
_cMS
999 _c262090
_d262090